00467nam a2200181Ia 4500008004100000020001800041245002400059245003900083245005100122260001500173260001600188260000900204300001500213300002500228300001000253440001400263500000800277170705s9999 xx 000 0 und d a9780439689007 4aThe tricky rabbit : bAfrican-American trickster tales / cWalt Flood ; illustrated by Nathan Jurevicius. aNew York : bScholastic, c2004 a30 pages : bcolor illustration ; c19cm. aRead 180. a540